Click the Adriatic Sea Countries Quiz Stats

Quiz Updated Feb 13, 2018

Challenge
Share
Tweet
Score 0/6 Timer 00:30
2 Plays Today
% Correct
Italy
97.3%
Croatia
90.6%
Slovenia
89.1%
Montenegro
88.5%
Bosnia and Herzegovina
85.6%
Albania
82%

You're not logged in!

Compare scores with friends on all Sporcle quizzes.
Join for Free
OR
Log In

You Might Also Like...

Show Comments

Extras

Top Quizzes Today


Score Distribution

Your Account Isn't Verified!

In order to create a playlist on Sporcle, you need to verify the email address you used during registration. Go to your Sporcle Settings to finish the process.

Report this User

Report this user for behavior that violates our Community Guidelines.

Details: